El libro de las vacaciones o El libro de auténtica distensión... / (Record no. 92261)

MARC details
000 -LEADER
campo de control de longitud fija 00561nam a2200169 i 4500
001 - NÚMERO DE CONTROL
campo de control 92261
003 - IDENTIFICADOR DE NÚMERO DE CONTROL
campo de control ES-MaACL
005 - FECHA Y HORA DE LA ÚLTIMA TRANSACCIÓN
campo de control 20230906180929.0
007 - CAMPO FIJO DE DESCRIPCIÓN FÍSICA--INFORMACIÓN GENERAL
campo de control de longitud fija t|
008 - DATOS DE LONGITUD FIJA--INFORMACIÓN GENERAL
campo de control de longitud fija 050224s1971 sp ||||1| spa d
245 03 - MENCIÓN DEL TÍTULO
Título El libro de las vacaciones o El libro de auténtica distensión... /
Mención de responsabilidad, etc. dispuesto todo ello por Guido Pierbari; traducido del italiano por Don Eloy Requena.
260 ## - PUBLICACIÓN, DISTRIBUCIÓN, ETC.
Lugar de publicación, distribución, etc. Madrid :
Nombre del editor, distribuidor, etc. Studium,
Fecha de publicación, distribución, etc. [1971]
300 ## - DESCRIPCIÓN FÍSICA
Extensión 143 p. :
Otras características físicas il. ;
Dimensiones 19 cm.
700 1# - ENTRADA AGREGADA--NOMBRE PERSONAL
Nombre de persona Pierbari, Guido.
9 (RLIN) 91931
700 1# - ENTRADA AGREGADA--NOMBRE PERSONAL
Nombre de persona Requena, Eloy.
9 (RLIN) 96289
852 ## - LOCALIZACIÓN
Ubicación ES-MaACL
Número de control de estantería C-41596
Holdings
Estatus retirado Estado de pérdida Estado de daño No para préstamo Biblioteca de origen Biblioteca actual Ubicación en estantería Fecha de adquisición Fuente de adquisición Total de préstamos Signatura topográfica completa Código de barras Visto por última vez Precio de reemplazo Tipo de ítem Koha
        Biblioteca del Ateneo de Madrid Biblioteca del Ateneo de Madrid Depósito 2 17/01/2008     C-41596 1096322 23/02/2023 23/02/2023 Libro impreso